Návrh zefektívnenia prerozdelenia financií pre vybrané činnosti riadenia ľudských zdrojov v spoločnosti ProCS, s.r.o.

Saved in:
Bibliographic Details
Main Author: Gulková, Lucia (Author)
Other Authors: Szabó, Peter (Thesis advisor)
Format: Manuscript Book
Language:Slovak
Published: 2017
Subjects:
Online Access:http://is.stuba.sk/zp/portal_zp.pl?podrobnosti=130647
Tags: Add Tag
No Tags, Be the first to tag this record!

MARC

LEADER 00000ntm a22000003a 4500
001 stuzp61988
003 SK-STU
005 20170610210435.9
007 ta
008 150427s2015----xo-----f-mn---000-0-slo-d
040 |a STU  |b slo 
041 0 |a slo 
100 1 |a Gulková, Lucia  |u 064000  |k Z4  |4 aut  |U MTF Materiálovotechnologická fakulta  |T MTF Ústav priemyselného inžinierstva a manažmentu  |X 69981  |U M4000  |Y 84  |7 69981 
242 0 1 |a Proposal for reallocating funds for selected activities of human resource management of the company ProCS, s.r.o.  |y eng 
245 1 0 |a Návrh zefektívnenia prerozdelenia financií pre vybrané činnosti riadenia ľudských zdrojov v spoločnosti ProCS, s.r.o. 
260 |c 2017 
650 4 |a riadenie ľudských zdrojov  |2 slo 
650 4 |a personálny rozpočet  |2 slo 
650 4 |a režijné náklady  |2 slo 
650 4 |a business costs  |2 eng 
650 4 |a managing human resources  |2 eng 
650 4 |a personal budget  |2 eng 
700 1 |a Szabó, Peter  |u 064000  |k Z1  |4 ths  |U MTF Materiálovotechnologická fakulta  |T MTF Ústav priemyselného inžinierstva a manažmentu  |X 19244  |U M4000  |Y 84  |7 A000019244 
856 4 |u http://is.stuba.sk/zp/portal_zp.pl?podrobnosti=130647 
996 |c M* DP-13380  |l MMSKP  |s P  |a 0  |w stuzp61988_0001